000 00579nam a2200205Ia 4500
005 20250923144831.0
008 008 250917s9999 xx 000 0 eng d
037 _aTextual
040 _aDSWL
_beng
_cDSWL
041 _aeng
_2eng
084 _aSM95:Y1, K0
_qDSWL
100 _aRoheim, Geza
_9828886
245 0 _aPsychoanalytic study of society
_cby Geza Roheim
260 _aNew York
_bYorkInternational Uties. Pre
_c1960
300 _a384p.
365 _aUSD
_b7.5
925 _g7.5
942 _cTEXL
_hSM95:Y1, K0
999 _c1443928
_d1443928